00298nam a2200121Ia 4500008004100000100001700041245003300058260004100091300000900132650001300141942000700154999001500161190216s9999||||xx |||||||||||||| ||und|| aJohn N Meyer 0aFinancial Statement Analysis bPrentice Hall Of India Pvt Ltdc1978 a270p aCommerce cBK c4246d4246